|
|
|
|
| LEADER |
00000nam0a2200000 4500 |
| 001 |
167096 |
| 005 |
20231101222652.0 |
| 010 |
|
|
|a 9785939131865
|
| 035 |
|
|
|a (RuTPU)RU\TPU\book\181251
|
| 090 |
|
|
|a 167096
|
| 100 |
|
|
|a 20091012d2009 km y0rusy50 ca
|
| 101 |
1 |
|
|a rus
|c eng
|
| 102 |
|
|
|a RU
|
| 105 |
|
|
|a a g 001zy
|
| 200 |
1 |
|
|a Большой справочник инженера нефтегазодобычи. Бурение и заканчивание скважин
|e пер. с англ.
|f под ред. У. Лайонза, Г. Плизга
|
| 210 |
|
|
|a Санкт-Петербург
|c Профессия
|d 2009
|
| 215 |
|
|
|a 640 с.
|c ил.
|
| 225 |
1 |
|
|a Библиотека нефтяного инжиниринга
|
| 320 |
|
|
|a Библиогр.: с. 628.
|
| 330 |
|
|
|a Российским специалистам, занятым в нефтегазодобыче и смежных отраслях, предлагается перевод уникального справочника, написанного известными учеными и специалистами нефтедобывающих и инжиниринговых компаний. В нем обобщен многолетний опыт отрасли, рассмотрены как классические процедуры, так и новейшие разработки и ускоренные технологии. Сотни иллюстраций, таблиц, графиков и схем, удобный справочный аппарат позволяют специалистам оперативно находить практически любую информацию, касающуюся принципов нефтегазодобычи, выбора и производительности оборудования, а также формулы, примеры расчетов и другие полезные сведения. Справочник выходит в двух книгах — «Бурение и заканчивание скважин» и «Разработка месторождений. Оборудование и технологии добычи».
|
| 606 |
1 |
|
|a Газовые скважины
|x Бурение
|2 stltpush
|3 (RuTPU)RU\TPU\subj\4701
|9 32940
|
| 606 |
1 |
|
|a Нефтяные скважины
|x Бурение
|2 stltpush
|3 (RuTPU)RU\TPU\subj\46086
|9 65271
|
| 606 |
1 |
|
|a Нефтяные скважины
|x Заканчивание
|2 stltpush
|3 (RuTPU)RU\TPU\subj\46092
|9 65277
|
| 610 |
1 |
|
|a нефтегазодобыча
|
| 610 |
1 |
|
|a нефтегазовые скважины
|
| 610 |
1 |
|
|a обслуживание
|
| 610 |
1 |
|
|a комплексы
|
| 610 |
1 |
|
|a проектирование
|
| 610 |
1 |
|
|a технические условия
|
| 610 |
1 |
|
|a буровые лебедки
|
| 610 |
1 |
|
|a буровое оборудование
|
| 610 |
1 |
|
|a бурильная колонна
|
| 610 |
1 |
|
|a буровые насосы
|
| 610 |
1 |
|
|a эксплуатация
|
| 610 |
1 |
|
|a буровые растворы
|
| 610 |
1 |
|
|a функции
|
| 610 |
1 |
|
|a глины
|
| 610 |
1 |
|
|a химия
|
| 610 |
1 |
|
|a специальные растворы
|
| 610 |
1 |
|
|a экологические аспекты
|
| 610 |
1 |
|
|a токсичность
|
| 610 |
1 |
|
|a капитальный ремонт
|
| 610 |
1 |
|
|a рассолы
|
| 610 |
1 |
|
|a безопасность
|
| 610 |
1 |
|
|a компоновка
|
| 610 |
1 |
|
|a бурильные трубы
|
| 610 |
1 |
|
|a буровые коронки
|
| 610 |
1 |
|
|a шарошечные долота
|
| 610 |
1 |
|
|a компоненты
|
| 610 |
1 |
|
|a конструкции
|
| 610 |
1 |
|
|a гидравлика
|
| 610 |
1 |
|
|a каротаж
|
| 610 |
1 |
|
|a направленное бурение
|
| 610 |
1 |
|
|a буровые работы
|
| 610 |
1 |
|
|a аварийные работы
|
| 610 |
1 |
|
|a ликвидация
|
| 610 |
1 |
|
|a обсадные колонны
|
| 610 |
1 |
|
|a резьбовые соединения
|
| 610 |
1 |
|
|a цементирование
|
| 610 |
1 |
|
|a насосно-компрессорные трубы
|
| 610 |
1 |
|
|a коррозия
|
| 610 |
1 |
|
|a окружающая среда
|
| 610 |
1 |
|
|a морское бурение
|
| 610 |
1 |
|
|a плавучие буровые основания
|
| 610 |
1 |
|
|a глубоководное бурение
|
| 610 |
1 |
|
|a справочники
|
| 610 |
1 |
|
|a экология
|
| 675 |
|
|
|a 622.24(035)
|v 3
|
| 675 |
|
|
|a 622.245.7(035)
|v 3
|
| 702 |
|
1 |
|a Лайонз
|b У.
|4 340
|
| 702 |
|
1 |
|a Плизг
|b Г.
|4 340
|
| 801 |
|
1 |
|a RU
|b 63413507
|c 20091012
|
| 801 |
|
2 |
|a RU
|b 63413507
|c 20151103
|g RCR
|
| 900 |
|
|
|a Бурение нефтяных и газовых скважин
|
| 900 |
|
|
|a Заканчивание скважин
|
| 942 |
|
|
|c BK
|
| 959 |
|
|
|a 105/20091012
|d 2
|e 2700,00
|f АНЛ:1
|f ЧЗТЛ:1
|
| 959 |
|
|
|a 96/20130603
|d 5
|e 2400,00
|f УФ:5
|
| 959 |
|
|
|a 57/20150422
|d 2
|e 2700,00
|f УФ:2
|